000 00890nam a22002652a 4500
999 _c9695
_d9695
001 9695
003 BD - JhCC
005 20180328165812.0
008 180322s1973 enka 000 0 eng d
035 _aOCLC ocm03567584 from D951121M
_a(BD - JhCC)9695
040 _aGPM
_cGPM
_dEQO
_dBD - JhCC
041 _aeng
082 _bHOR 1973
_a423
090 _aPE1628
_b.H55
100 1 _aHornby, Albert Sydney.
245 1 0 _aOxford progressive colour dictionary /
_cA. S. Hornby, E. C. Parnwell
260 _aOxford University Press :
_bLondon,
_c1973.
300 _a186 p. :
_bill. ;
_c26 cm
500 _a"The text ... is taken from the second edition of The progressive English dictionary ... 1972."
650 0 _aEnglish language
_vDictionaries
700 1 _aParnwell, E. C.
700 1 2 _aHornby, Albert Sydney.
_tProgressive English dictionary.
942 _2ddc
_cREF